[Event "World Cup U14 Prel"]
[Site "Tornelo INT"]
[Date "2021.08.11"]
[Round "9"]
[White "Khemlani, Krish"]
[Black "Sarda, Pedro Sada"]
[Result "0-1"]
[WhiteElo "1129"]
[BlackElo "1603"]
[PlyCount "48"]
[EventDate "2021.08.11"]
[EventType "swiss (rapid)"]
[EventRounds "10"]
[EventCountry "NET"]
[SourceTitle "EXT 2025"]
[Source "ChessBase"]
[SourceDate "2024.10.14"]
[SourceVersion "1"]
[SourceVersionDate "2024.10.14"]
[SourceQuality "1"]

1. e4 c5 2. Nc3 Nc6 3. f4 e6 4. Nf3 Nge7 5. Bc4 d5 6. Bb3 g6 7. d3 Bg7 8. a3 0-0 9. 0-0 d4 10. Ne2 a6 11. e5 h5 12. Ng5 Nf5 13. Qe1 b5 14. Ng3 Nce7 15. N3e4 Nd5 16. Qf2 Bb7 17. Nxc5 Bc6 18. Nce4 Rc8 19. Ng3 Nfe3 20. Bxe3 dxe3 21. Qe2 Nxf4 22. Rxf4 Qxg5 23. Qxe3 Bxe5 24. Bxe6 Bxf4 0-1

[Event "World Cup U14 Prel"]
[Site "Tornelo INT"]
[Date "2021.08.11"]
[Round "8"]
[White "Marrhuimawan, Maximiliano"]
[Black "Khemlani, Krish"]
[Result "0-1"]
[WhiteElo "1496"]
[BlackElo "1129"]
[PlyCount "38"]
[EventDate "2021.08.11"]
[EventType "swiss (rapid)"]
[EventRounds "10"]
[EventCountry "NET"]
[SourceTitle "EXT 2025"]
[Source "ChessBase"]
[SourceDate "2024.10.14"]
[SourceVersion "1"]
[SourceVersionDate "2024.10.14"]
[SourceQuality "1"]

1. e4 e5 2. Nf3 Nc6 3. Bc4 Nf6 4. d4 exd4 5. 0-0 Bc5 6. e5 Ng4 7. Re1 0-0 8. h3 Nh6 9. Bxh6 gxh6 10. Qd2 Kg7 11. Re4 d5 12. Rh4 Bf5 13. Qxh6+ Kg8 14. Bd3 Nxe5 15. Nxe5 Bxd3 16. cxd3 Qxh4 17. Qxh4 Rfe8 18. Qf6 Bd6 19. Ng4 Re1# 0-1

[Event "World Cup U14 Prel"]
[Site "Tornelo INT"]
[Date "2021.08.11"]
[Round "3"]
[White "Surya, Cleon Amadeus"]
[Black "Khemlani, Krish"]
[Result "1-0"]
[WhiteElo "1629"]
[BlackElo "1129"]
[PlyCount "29"]
[EventDate "2021.08.11"]
[EventType "swiss (rapid)"]
[EventRounds "10"]
[EventCountry "NET"]
[SourceTitle "EXT 2025"]
[Source "ChessBase"]
[SourceDate "2024.10.14"]
[SourceVersion "1"]
[SourceVersionDate "2024.10.14"]
[SourceQuality "1"]

1. d4 d5 2. Bf4 e6 3. e3 f5 4. g4 Nf6 5. gxf5 exf5 6. c4 c6 7. Nc3 h6 8. cxd5 cxd5 9. Qb3 a6 10. Bg2 Qa5 11. Bxd5 Bb4 12. Bf7+ Kf8 13. a3 Bxc3+ 14. bxc3 Bd7 15. Bd6# 1-0